50 Most Famous Cities in Norway on a Map - Statistics

General Stats
  • This quiz has been taken 189 times
  • The average score is 21 of 51
Answers on the Map
Answers color-coded by a green-red scale on the quiz's map according to % correct below.
 
Answer Stats
Wiki Monthly Views Cityquiz Mention Rate Population Answers % Correct
212.52K 63.23% 717.71K Oslo
98%
99.94K 27.88% 291.94K Bergen
95%
65.43K 18.33% 214.56K Trondheim
90%
45.28K 9.47% 149.05K Stavanger
89%
68.30K 14.31% 78.75K Tromsø
84%
21.64K 6.49% 116.99K Kristiansand
74%
27.71K 6.43% 28.77K Lillehammer
67%
14.92K 3.23% 104.49K Drammen
62%
24.76K 5.26% 53.71K Bodø
61%
26.25K 4.20% 58.51K Ålesund
59%
59.59K 8.88% 2.46K Longyearbyen
58%
20.42K 3.98% 7.88K Hammerfest
57%
27.57K 6.49% 14.05K Narvik
52%
10.48K 2.55% 85.23K Fredrikstad
49%
14.92K 4.19% 32.82K Molde
49%
8.57K 2.71% 18.10K Kristiansund
43%
8.79K - 130.92K Sandvika/Bærum
41%
18.01K 2.25% 3.40K Kirkenes/Sør-Varanger
40%
11.02K 2.31% 15.93K Alta
39%
9.90K 1.72% 32.88K Hamar
39%
9.88K 1.77% 38.29K Haugesund
39%
9.91K 1.36% 56.62K Skien
39%
7.86K 1.97% 18.75K Mo i Rana
38%
6.45K 1.03% 83.70K Sandnes
38%
5.41K 1.17% 94.20K Lillestrøm
37%
8.58K 1.11% 66.23K Sandefjord
36%
7.59K 1.24% 59.77K Sarpsborg
36%
6.34K 1.31% 52.05K Moss
35%
8.01K 1.24% 44.86K Arendal
33%
14.61K 0.92% 55.39K Tønsberg
31%
5.78K 0.58% 98.81K Asker
30%
7.58K 0.98% 31.93K Halden
30%
7.22K 1.05% 48.72K Larvik
28%
9.73K 0.54% 2.25K Honningsvåg
26%
8.78K 0.69% 28.85K Kongsberg
26%
22.67K 1.69% 0.44K Barentsburg
25%
6.38K 0.81% 21.29K Harstad
25%
5.15K 0.84% 4.65K Vadsø
25%
6.15K 0.66% 6.96K Voss
25%
12.37K 0.44% 0.21K Geiranger
24%
13.91K 1.36% 0.13K Ny-Ålesund
24%
7.63K 0.63% 3.85K Røros
24%
6.42K 0.49% 4.74K Svolvær
21%
5.57K 0.87% 1.73K Vardø
20%
7.16K 0.52% 4.76K Odda
17%
23.06K - 0.05K Pyramiden
14%
5.44K 2.33% 1.92K Hell
12%
6.18K 0.40% 0.30K Reine/Moskenes
12%
8.14K 0.34% 3.02K Rjukan
12%
5.70K 0.47% 0.28K Flåm
11%
4.98K - 0.02K Olonkinbyen
10%
No matching quizzes found
Score Distribution
Percent of People with Each Score
Percentile by Number Answered
Your Score History
You have not taken this quiz